{"text_format":"3","workbook":"xls","n_sheets":2,"sheets":["采购总表","明细表"],"read":"whole","date_system":"1900","formulas":"cached_only"}

{"sheet":"采购总表","index":0,"n_rows":14,"n_cols":5,"rows_kept":14,"merged":[[0,0,0,4],[1,0,1,4],[13,0,13,2]],"flags":["formulas_cached_only"]}
["2025-2026-2学期系部耗材采购计划表"]
["系 部："]
["序号","采购批次名称","采购数量","计划金额","详细用处"]
[1,"2025-2026第二学期体育耗材","二批","24324元","体育课、体测、比赛、训练使用"]
[2]
[3]
[4]
[5]
[6]
[7]
[8]
[9]
[10]
["合计：",null,null,"24324元"]

{"sheet":"明细表","index":1,"n_rows":33,"n_cols":10,"rows_kept":33,"merged":[[0,0,0,9],[31,1,31,6],[32,0,32,6]],"flags":["formulas_cached_only"]}
["2026-2026-2 基础课部  耗材采购清单"]
["序号","系部名称","耗材名称","品牌型号","规格/主要参数","购置数量","参考单价（元）","单位","单项控制价（元）","备注"]
[1,"基础课部","篮球","李宁-088","7号",40,90,"个",3600]
[2,"基础课部","足球","李宁","5号",30,70,"个",2100,"黄绿高端PCV"]
[3,"基础课部","排球","卡尔美--VB9000-E白蓝色","中考用球",30,50,"个",1500]
[4,"基础课部","秒表","天福","三排60道",4,140,"块",560]
[5,"基础课部","肺活量测试吹嘴",null,null,5000,0.25,"个",1250]
[6,"基础课部","羽毛球","亚狮","7号球",50,65,"桶",3250,"每桶12只"]
[7,"基础课部","乒乓球","红双喜","二星级，黄球",1,70,"桶",70,"每桶200只，高弹力，桶装"]
[8,"基础课部","篮球网","加粗型篮网",null,10,40,"个",400]
[9,"基础课部","实心球",null,null,10,130,"个",1300,"2KG"]
[10,"基础课部","足球网","奥匹足球网","AP2807(两个装)  11人制",8,249,"个",1992]
[11,"全校师生","小足球网","奥匹足球网","AP259 (两个装)   7人制",4,188,"个",752]
[12,"基础课部","喇叭","沙雨喇叭",null,3,65,"个",195,"150秒录音＋大容量锂电池"]
[13,"基础课部","音响","索爱无线蓝牙音响","升级版6.5寸",1,200,"个",200,"超长续航+遥控器+一只无线话筒"]
[14,"基础课部","板羽球","361°","蓝色条纹双拍配6个毽子球",30,30,"个",900,"红蓝款"]
[15,"基础课部","发令枪","浅棕色 六连发发令枪",null,2,290,"个",580,"佩奇体育器材淘宝网"]
[16,"基础课部","发令枪烟屏","防滑发令台烟屏两阶梯","四轮带刹车加厚防滑发令台式烟屏",1,500,"个",500,"火牛体育淘宝店铺"]
[17,"基础课部","无线领麦夹","30W大功率户外TKV音响1人版","1人版",1,340,"个",340,"源福祥旗舰店淘宝店铺"]
[18,"基础课部","沙包",null,"小号7×7",50,5,"个",250,"荞麦填充物"]
[19,"基础课部","乒乓球拍子",null,"红双喜",15,65,"套",975,"每套横拍＋直拍"]
[20,"基础课部","皮尺","绿林皮尺","工程加厚款纤维皮尺30米*12.5mm",3,16,"把",48,"30米*12.5mm"]
[21,"基础课部","皮尺","绿林皮尺","工程加厚款纤维皮尺50米*12.5mm",3,18,"把",54,"50米*12.5mm"]
[22,"基础课部","跨栏架","奥匹跨栏架","AP-1144跨栏架4.0升级款",12,185,"个",2220]
[23,"基础课部","JOYSENT皮克球拍","玻纤双拍",null,4,170,"副",680,"粉色、紫色、蓝色、棕色各一副"]
[24,"基础课部","JOYSENT皮克球","荧光绿",null,12,14,"个",168]
[25,"基础课部","羽毛球网","奥匹羽毛球网","AP-252基础型",8,55,"个",440,"6.1米*0.76M"]
[26,"基础课部","舞蹈鞋","众爱",null,20,45,"套",900]
[27,"基础课部","舞蹈九分裤袜（黑色）","众爱",null,12,40,"套",480]
[28,"基础课部","舞蹈功服","众爱",null,7,100,"套",700]
[29,"基础课部","舞蹈短裤（三分裤）","众爱",null,14,30,"套",420]
[null,"总控制价：",{"$nulls":6},26824]
["注：1.此表单价为参考价格，报价不得超过控制价；2.可将此表修改为报价单，但其中序号、耗材品名、型号规格、单位、数量不得修改。"]